Statistics for Taylor Swift - We Are Never Ever Getting Back Together Lyrics

Click here to take the quiz!

General Stats

  • This quiz has been taken 201 times
    (157 since last reset)
  • The average score is 361 of 394

Answer Stats

Answer% Correct
a
100%
we
100%
We
100%
are
99%
back
99%
ever
99%
getting
99%
"I
99%
I
99%
me"
99%
me
99%
never
99%
"Never
99%
never"
99%
to
99%
together
99%
You
98%
you
98%
you"
98%
and
97%
And
97%
love
97%
go
95%
talk
95%
The
95%
call
94%
friends
94%
I'm
94%
time
94%
when
94%
When
94%
But
93%
but
93%
for
93%
like
93%
Like
93%
my
93%
up
93%
your
93%
first
92%
remember
92%
say
92%
that
92%
Then
92%
"This
92%
This
92%
this
92%
in
91%
is
91%
it
91%
last
91%
said
91%
(What?)
91%
broke
90%
hate
90%
gonna
89%
had
89%
needed
89%
change"
88%
miss
88%
Oh
88%
oh
88%
space
88%
again
87%
break
87%
day?
87%
enough"
87%
swear
87%
called
86%
each
86%
of
86%
telling
86%
how
85%
I've
85%
mine
85%
month
85%
other
85%
so
85%
were
85%
he
84%
night
84%
sayin'
84%
around
83%
"Baby
83%
cooler
83%
lasted
83%
"Trust
83%
come
82%
than
82%
'Cause
81%
much
81%
seen
80%
still
80%
off
79%
record
78%
picking
77%
fights
76%
hadn't
76%
tonight
76%
used
76%
With
76%
indie
75%
calls
74%
right
74%
that's
74%
forever
73%
(No)
73%
really
73%
screaming
73%
think
73%
some
71%
(Yeah)
71%
he's
70%
away
66%
know?
66%
mind
66%
exhausting
65%
falling
62%
find
61%
hide
61%
peace
60%
just
58%
would
58%
mean
52%
Ugh
37%

Score Distribution

Percentile by Number Answered

Percent of People with Each Score

Your Score History

You have not taken this quiz since the last reset